Tyre flaps (Record no. 74325)
[ view plain ]
| 000 -LEADER | |
|---|---|
| fixed length control field | 00330nam a2200121Ia 4500 |
| 100 ## - MAIN ENTRY--AUTHOR NAME | |
| Personal name | Ranjith Kumar, C. |
| 245 #0 - TITLE STATEMENT | |
| Title | Tyre flaps |
| 260 ## - PUBLICATION, DISTRIBUTION, ETC. (IMPRINT) | |
| Name of publisher | Cochin University of Science and Technology |
| Place of publication | Kochi |
| Year of publication | 1980 |
| 500 ## - GENERAL NOTE | |
| General note | Course: B.Tech. |
| 700 ## - ADDED ENTRY--PERSONAL NAME | |
| Personal name | Dr Joseph D Francis |
| 942 ## - ADDED ENTRY ELEMENTS (KOHA) | |
| Koha item type | Theses |
| Withdrawn status | Lost status | Damaged status | Not for loan | Collection code | Home library | Current library | Shelving location | Date acquired | Koha item type |
|---|---|---|---|---|---|---|---|---|---|
| Theses | Dissertation | RRII Library | RRII Library | Rubber technology | 31/12/2021 | Theses |